载入...

FROM LINEAGE TO STATE: SOCIAL FORMATIONS IN THE MID FIRST MILLIENNIUM B C IN THE GANGA VALLY

书目详细资料
主要作者: ROMILA THAPAR
出版: OXFORD UNIVERSITY PRESS
主题:
LEADER 00667nam a2200229 4500
020 |a 195626753 
082 |a 934 ROM 
100 |a ROMILA THAPAR 
245 |a FROM LINEAGE TO STATE: SOCIAL FORMATIONS IN THE MID FIRST MILLIENNIUM B C IN THE GANGA VALLY  |h ENGLISH 
250
260 |b OXFORD UNIVERSITY PRESS 
300
500
501
538
590
630
650 |a FROM LINEAGE TO STATE-- SOCIAL FORMATIONS IN THE MID FIRST MILLIENNIUM B C IN THE GANGA VALLY 
700
942
999 |c 177506  |d 177506 
952 |0 0  |1 0  |4 0  |6 934_000000000000000_ROM  |7 0  |9 190871  |a AGY  |b AGY  |d 2019-10-25  |l 0  |o 934 ROM  |p AGY1715  |r 2019-10-25  |w 2019-10-25